| 000 | 00737nam a22002057a 4500 | ||
|---|---|---|---|
| 999 |
_c12333 _d12333 |
||
| 003 | AR-CdUCM | ||
| 008 | 190408b ||||| |||| 00| 0 spa d | ||
| 040 |
_aMUNICIPALIDAD PROVINCIAL DEL CUSCO _cBIBLIOTECA MUNICIPAL DEL CUSCO |
||
| 082 |
_23ed. _aES / 030 / _bM77 |
||
| 100 |
_aMonserrat Sarto, M _930144 |
||
| 245 |
_aEnciclopedia de las Aficiones : _bTiempo libre, aficiones para chicas / |
||
| 260 |
_aMadrid : _bSantillana ; _c1965. |
||
| 300 |
_a93 páginas ; _bFotografĂas, ilustraciones _c21cm |
||
| 505 | _aContenido: Coleciones -- Arte -- Habilidades manuales | ||
| 650 |
_aHabilidades _928008 |
||
| 650 |
_aPasatiempos _930145 |
||
| 700 |
_aValcarce, Mercedes _930146 |
||
| 942 |
_2ddc _cLIBROS |
||
| 945 |
_anom _d2019-04-08 |
||